Normal view
MARC view
- Aishwarya Kulkarni 2k171026 & Dr. Sonali Parchure - Guide
Entry Personal Name
001 - CONTROL NUMBER
- control field: 104978
003 - CONTROL NUMBER IDENTIFIER
- control field: OSt
005 - DATE AND TIME OF LATEST TRANSACTION
- control field: 20221007221228.0
008 - FIXED-LENGTH DATA ELEMENTS
- fixed length control field: 221007|| aca||aabn | a|a d
040 ## - CATALOGING SOURCE
- Original cataloging agency: OSt
- Transcribing agency: OSt
100 ## - HEADING--PERSONAL NAME
- Personal name: Aishwarya Kulkarni 2k171026 & Dr. Sonali Parchure - Guide
670 ## - SOURCE DATA FOUND
- Source citation: Work cat.: (OSt)78099: Aishwarya Kulkarni 2k171026 & Dr. Sonali Parchure - Guide, Awareness Of Financial Planning And Investment Schemes To Salaried Individuals, 2018